Quiz ukaż jaki to jest samochód po modelu - Statystyki

Ogólne statystyki
  • Ten quiz został rozwiązany 58 razy
  • Średni wynik to 7 z 8
Statystyki odpowiedzi
Model Samochód % Poprawnych
Astra Opel
96%
M5 BMW
94%
Panda Fiat
94%
Megane Renault
87%
Huracan Lamborghini
83%
I8 BMW
76%
Urus Lamborghini
76%
F8 Ferrari
63%
Nie znaleziono quizów pasujących do podanych kryteriów
Rozkład punktacji
Procent ludzi z każdym wynikiem
Percentyl według liczby udzielonych odpowiedzi
Twoja historia wyników
Nie rozwiązałeś tego quizu